000 00312nam a2200109 a 4500
005 20140414093828.0
008 970101s19uu xx 00 eng d
050 _aVHS 700
_bR 03
245 _aMusic Magic: 1) Percussion Instruments:Tuned 2) Wind Instruments:Brass 3) Dancing.
942 _cAVM
999 _c108557
_d108557